000 00611nam a2200229Ia 4500
003 OSt
005 20220918203007.0
006 a|||||r|||| 00| 0
007 ta
008 220917b |||||||| |||| 00| 0 eng d
024 _a105,334
037 _cTextual
040 _aARTS
_cARTS
_beng
041 _2eng
_aeng
082 _aV29W.N9, N4
100 _aSangma Milton S ed
_9106256
245 0 _aEssays on North East India
_b presented in memory of Prof Venkata Rao
260 _c1994
650 _aHISTORY
942 _hV29W.N9, N4
_cTEXL
_2CC
999 _c228693
_d228693